MARC details
| 000 -LEADER |
| campo de control de longitud fija |
03242nam a2200421 i 4500 |
| 001 - NÚMERO DE CONTROL |
| campo de control |
193181 |
| 003 - IDENTIFICADOR DE NÚMERO DE CONTROL |
| campo de control |
SpMaBN |
| 005 - FECHA Y HORA DE LA ÚLTIMA TRANSACCIÓN |
| campo de control |
20240827063034.0 |
| 007 - CAMPO FIJO DE DESCRIPCIÓN FÍSICA--INFORMACIÓN GENERAL |
| campo de control de longitud fija |
ta |
| 008 - DATOS DE LONGITUD FIJA--INFORMACIÓN GENERAL |
| campo de control de longitud fija |
230930s2018 sp a | |||| 000 0 spa |
| 017 ## - NÚMERO DE COPYRIGHT O DE DEPÓSITO LEGAL |
| Número de copyright o de depósito legal |
B 3143-2018 |
| Agencia que asigna |
Oficina Depósito Legal Barcelona |
| 020 ## - NÚMERO INTERNACIONAL ESTÁNDAR DEL LIBRO |
| Número Internacional Estándar del Libro |
9788420433349 |
| 035 ## - NÚMERO DE CONTROL DEL SISTEMA |
| Número de control de sistema |
(OCoLC)1035620905 |
| 035 ## - NÚMERO DE CONTROL DEL SISTEMA |
| Número de control de sistema |
a6433163 |
| 040 ## - FUENTE DE CATALOGACIÓN |
| Centro catalogador/agencia de origen |
SpMaBN |
| Lengua de catalogación |
spa |
| Centro/agencia transcriptor |
SpMaBN |
| Normas de descripción |
rda |
| Centro/agencia modificador |
Es-MaACL |
| 080 ## - NÚMERO DE LA CLASIFICACIÓN DECIMAL UNIVERSAL |
| Número de la Clasificación Decimal Universal |
929-055.2 |
| 100 1# - ENTRADA PRINCIPAL--NOMBRE DE PERSONA |
| Nombre de persona |
Montero, Rosa, |
| Fechas asociadas al nombre |
1951- |
| Número de control del registro de autoridad o número normalizado |
XX968899 |
| Término indicativo de función/relación |
Autor |
| 9 (RLIN) |
82503 |
| 245 10 - MENCIÓN DEL TÍTULO |
| Título |
Nosotras : |
| Resto del título |
historias de mujeres y algo más / |
| Mención de responsabilidad, etc. |
Rosa Montero ; ilustraciones de María Herreros. |
| 250 ## - MENCION DE EDICION |
| Mención de edición |
Primera edición, Primera reimpresión: junio de 2018 |
| 264 #1 - PRODUCCIÓN, PUBLICACIÓN, DISTRIBUCIÓN, FABRICACIÓN Y COPYRIGHT |
| Producción, publicación, distribución, fabricación y copyright |
Barcelona : |
| Nombre del de productor, editor, distribuidor, fabricante |
Alfaguara, |
| Fecha de producción, publicación, distribución, fabricación o copyright |
2018 |
| 300 ## - DESCRIPCIÓN FÍSICA |
| Extensión |
298 páginas : |
| Otras características físicas |
ilustraciones (color) ; |
| Dimensiones |
24 cm |
| 336 ## - TIPO DE CONTENIDO |
| Término de tipo de contenido |
Texto |
| Fuente |
rdacontent |
| 337 ## - TIPO DE MEDIO |
| Nombre/término del tipo de medio |
sin mediación |
| Fuente |
rdamedia |
| 338 ## - TIPO DE SOPORTE |
| Nombre/término del tipo de soporte |
volumen |
| Fuente |
rdacarrier |
| 500 ## - NOTA GENERAL |
| Nota general |
Índice |
| 504 ## - NOTA DE BIBLIOGRAFÍA, ETC. |
| Nota de bibliografía, etc. |
Bibliografía: página 298 |
| 505 0# - NOTA DE CONTENIDO CON FORMATO |
| Nota de contenido con formato |
Escupiendo fuego ; Historias de mujeres ; Un hervor de mujeres |
| 520 ## - RESUMEN, ETC. |
| Sumario, etc. |
«Este libro no es un libro solo para mujeres, de la misma manera que el feminismo no es solo cosa de chicas. Estamos cambiando el mundo, estamos destruyendo estereotipos milenarios, y es evidente que si se altera el papel social femenino, es porque también muda el papel de los hombres.<br/><br/>»Incluye el texto original de Historias de mujeres, publicado hace veinticuatro años, y añade noventa nuevos pequeños retratos, una ojeada rápida desde la antigüedad hasta nuestros días que nos permite atisbar la compleja riqueza de la aportación femenina a la vida común. Porque hay una historia que no está en la historia y que solo se puede rescatar aguzando el oído y escuchando el susurro de las mujeres. La porción invisible del iceberg de protagonistas silenciadas empieza a emerger ahora, y tiene unas dimensiones colosales. Ha habido mujeres en todas las épocas haciendo cosas memorables. No hay un solo campo social, artístico o del conocimiento en el que no hayamos destacado. Y se trata de un pasado que nos han robado a todos.<br/><br/>»Pero tenemos que hacer algo más que cambiar la visión del pasado: es esencial que también cambiemos la visión del presente. La manera en que nos miramos a nosotras mismas. El mundo, nos decían y nos decíamos, es así. Pero no. Resulta que el mundo no es así. El futuro está aquí, el futuro es hoy y lo estamos construyendo hombres y mujeres. Por primera vez estamos todos. Aunque, para ello, también debamos abandonar nosotras muchos prejuicios sexistas. Así es que, hermanas, abramos nuestras fauces de dragonas y escupamos fuego.»<br/>Rosa Montero |
| 650 #4 - PUNTO DE ACCESO ADICIONAL DE MATERIA--TÉRMINO DE MATERIA |
| Término de materia o nombre geográfico como elemento de entrada |
Mujeres- |
| Subdivisión general |
Biografías |
| Fuente del encabezamiento o término |
embne |
| 9 (RLIN) |
15255 |
| 700 ## - ENTRADA AGREGADA--NOMBRE PERSONAL |
| Nombre de persona |
Herreros, María, |
| Fechas asociadas al nombre |
1983- |
| 9 (RLIN) |
234275 |
| Término indicativo de función/relación |
Ilustrador |
| 852 ## - LOCALIZACIÓN |
| Ubicación |
ES-MaACL |
| Sublocalización o colección |
R.154586 |
| itemnumber |
200557 |
| Número de control de estantería |
N-9345 |
| Ubicación en estantería |
Depósito J |
| Encuadernación |
Encuadernación cartoné con sobrecubiertas (incluye faja) |
| Anotaciones manuscritas |
Dedicatoria autógrafa de la autora |
| Donativo/Legado |
Donación: Rosa Montero |
| 903 ## - NOMBRE PERSONAL DE DONANTE |
| a |
Montero, Rosa, |
| d |
1951- |
| e |
Donante |
| 9 |
82503 |
| 942 ## - ELEMENTOS DE ENTRADA SECUNDARIOS (KOHA) |
| Suprimir en OPAC |
No |
| Tipo de ítem Koha |
Libro impreso |